LIBRARY ONLINE CATALOGUE

You don't have to quit / (Record no. 5040)

MARC details
000 -LEADER
fixed length control field 00783nam a22002412 4500
001 - CONTROL NUMBER
control field 0000001040
005 - DATE AND TIME OF LATEST TRANSACTION
control field 20151217151804.0
008 - FIXED-LENGTH DATA ELEMENTS--GENERAL INFORMATION
fixed length control field 070223s xx 000 0 eng d
020 ## - INTERNATIONAL STANDARD BOOK NUMBER
International Standard Book Number 0840795610 :
Terms of availability KES 550
040 ## - CATALOGING SOURCE
Original cataloging agency KABU
Transcribing agency KABU
050 #0 - LIBRARY OF CONGRESS CALL NUMBER
Classification number BV4501.2
Item number .O78 1988
100 1# - MAIN ENTRY--PERSONAL NAME
Personal name Ortlund, Anne.
-- 0000149543
245 10 - TITLE STATEMENT
Title You don't have to quit /
Statement of responsibility, etc. Anne & Ray Ortlund.
260 ## - PUBLICATION, DISTRIBUTION, ETC. (IMPRINT)
Place of publication, distribution, etc. Nashville, Tennessee :
Name of publisher, distributor, etc. Oliver-Nelson Books,
Date of publication, distribution, etc. c1988.
300 ## - PHYSICAL DESCRIPTION
Extent 191 p. :
Other physical details ill. ;
Dimensions 21 cm.
500 ## - GENERAL NOTE
General note Rev. ed. of: Staying power. c1986.
650 #0 - SUBJECT ADDED ENTRY--TOPICAL TERM
Topical term or geographic name as entry element Christian life.
-- 0000149167
650 #0 - SUBJECT ADDED ENTRY--TOPICAL TERM
Topical term or geographic name as entry element Success
General subdivision Religious aspects
-- Christianity.
-- 0000149264
700 1# - ADDED ENTRY--PERSONAL NAME
Personal name Ortlund, Raymond C.
-- 0000149544
908 ## - PUT COMMAND PARAMETER (RLIN)
Put command parameter 070223
950 ## - LOCAL HOLDINGS (RLIN)
-- 1
Holdings
Withdrawn status Lost status Source of classification or shelving scheme Not for loan Home library Current library Date acquired Total Checkouts Full call number Date last seen Price effective from Koha item type
    Library of Congress Classification   Kabarak, Main Campus Kabarak, Main Campus 17/12/2015   BV4501.2 .O78 1988 c. 1 17/12/2015 17/12/2015 General Collection